MARC Record
Leader
003
BE-GnUNI
007
't'u
035
a| (MSK)310011941
084
a| XIII.1973.MÜNCHEN.1
245
0
0
a| Grosse Kunstausstellung München 1973 (Ausstellung München, Haus der Kunst, 16.6 - 9.9.1973).
260
a| München :
b| Haus der Kunst (München),
c| 1973.
546
a| Duits
585
a| Grosse Kunstausstellung München 1973
500
a| Tentoonstellingscatalogus
852
4
b| MSK
c| MSK
j| XIII.1973.MÜNCHEN.1
920
a| boek
001
000011834
005
20241224121614.0